02344nam a2200277 i 4500003000500000005001700005008004100022022001400063040002500077050001400102245004800116264008500164300004200249336002100291337002500312338002300337362000900360490003800369504004000407520138000447610005301827650006101880650005901941650003402000700003202034CSPC20260312111918.0260312c2015 ph r p i 00 0 eng d a1908-3297 aCSPCbengcCSPCerda aHC460.P6300aPromoting inclusive growth through the 4Ps. 1aMakati City, Philippines :bPhilippine Institute for Development Studies,c2015. avolumes : billustrations ; c23 cm.  2rdacontentatext 2rdamediaaunmediated 2rdacarrieravolume a2015 1aResearch paper series No. 2015-01 aIncludes bibliographical references3 aThe Pantawid Pamilyang Pilipino Program (4ps) of the Philippines marks its fifth year of implementation in 2013 since its inception in 2008. the first batch of 4ps beneficiaries will graduate from the program in several months while the government continues to expand its implementation, devising along the way several variants that it deems necessary to address the many facets of poverty. The 4ps is by far the largest poverty reduction and social development program the Philippine government has ever implemented. Approximately PHP 120 billion have already been allocated to the program up to 2013. The programs dual objectives are social assistance and social development. It provides cash assistance to poor families to alleviate their immediate needs and aims to "break the intergenerational poverty cycle through investment in human capital". As program graduation nears, many questions arise as to what to expect from this program. At this point, it may be fitting to draw together assessments that have been conducted so far and to look into some important issues in terms of design and implementation. This paper seeks to answer the question of whether expanding the program would likely yield better results. It discusses the outstanding issues raised against the program, most especially those that bear on the program's ability to facilitate inclusive growth.  0aPantawid Pamilyang Pilipino ProgramzPhilippines 0aEconomic assistance, DomesticxPeriodicals.zPhilippines 02Government policyaPoverty xPeriodicals.zPhilippines 0aSocial planningxPeriodicals.1 aReyes, Celia M., eeditor.